Statistics for Real Betis Balompié Squad 2018-2019

Click here to take the quiz!

General Stats

  • This quiz has been taken 7 times
  • The average score is 20 of 26

Answer Stats

#PositionNationPlayer% Correct
23DFAlgeriaAïssa Mandi
100%
18MFMexicoAndrés Guardado
100%
1GKSpainJoel Robles
100%
5DFSpainMarc Bartra
100%
13GKSpainPau López
100%
6MFSpainSergio Canales
100%
14MFPortugalWilliam Carvalho
100%
4DFMoroccoZouhair Feddal
100%
22FWMexicoDiego Lainez
83%
3MFSpainJavi García
83%
17FWSpainJoaquín Sánchez
83%
-CoachSpainQuique Setién
83%
8FWJapanTakashi Inui
83%
19DFSpainAntonio Barragán
67%
2DFSpainFrancis Guerrero
67%
21MFArgentinaGiovani Lo Celso
67%
16FWSpainLoren Morón
67%
10MFAlgeriaRyad Boudebouz
67%
7FWSpainSergio León
67%
12DFBrazilSidnei
67%
9FWParaguayAntonio Sanabria
50%
24DFBrazilEmerson
50%
10FWSpainJesé Rodríguez
50%
20DFSpainJunior Firpo
50%
34MFCameroonWilfrid Kaptoum
50%
11FWSpainCristian Tello
33%

Score Distribution

Percentile by Number Answered

Percent of People with Each Score

Your Score History

You have not taken this quiz